Advanced graph theory
-д хадгалсан:
| Үндсэн зохиолч: | |
|---|---|
| Формат: | Ном |
| Хэл сонгох: | англи |
| Хэвлэсэн: |
Ane Books
2019
|
| Шошгууд: |
Шошго нэмэх
Шошго байхгүй, Энэхүү баримтыг шошголох эхний хүн болох!
|
MARC
| LEADER | 00000nam a22000007a 4500 | ||
|---|---|---|---|
| 008 | 240610b |||||||| |||| 00| 0 eng d | ||
| 020 | |a 9789384726720 | ||
| 100 | |a YADAV, S.K. | ||
| 245 | |a Advanced graph theory |c S.K. Yadav |g xvi, 285p. ill | ||
| 260 | |b Ane Books |c 2019 |h New Delhi |i 701634 |i 701635 |l QA166.Y1 |m Graph theory | ||
| 500 | |a It includes references and index | ||
| 942 | |a lcc |c BK |e Adeyemo O.O |f 10/06/2024 | ||
| 952 | |0 0 |1 0 |2 lcc |4 0 |6 QA0166 Y1 |7 0 |9 5283 |a SL |b HOL |c QZ |d 2024-06-10 |l 0 |o QA166.Y1 |p 2024-0526 |r 2024-06-10 00:00:00 |t 701634 |w 2024-06-10 |y BK | ||
| 952 | |0 0 |1 0 |2 lcc |4 0 |6 QA0166 Y1 |7 0 |9 5284 |a HOL |b HOL |c QZ |d 2024-06-10 |l 0 |o QA166.Y1 |p 2024-0527 |r 2024-06-10 00:00:00 |t 701635 |w 2024-06-10 |y BK | ||
| 999 | |c 2618 |d 2618 | ||